Descripción histórica y geográfica de las islas de Canaria : (Record no. 42653)

MARC details
000 -LEADER
campo de control de longitud fija 01084nam a2200253 i 4500
001 - NÚMERO DE CONTROL
campo de control 42653
003 - IDENTIFICADOR DE NÚMERO DE CONTROL
campo de control ES-MaACL
005 - FECHA Y HORA DE LA ÚLTIMA TRANSACCIÓN
campo de control 20250808063459.0
007 - CAMPO FIJO DE DESCRIPCIÓN FÍSICA--INFORMACIÓN GENERAL
campo de control de longitud fija t|
008 - DATOS DE LONGITUD FIJA--INFORMACIÓN GENERAL
campo de control de longitud fija 030313s1848 sp ||||1| spa d
080 ## - NÚMERO DE LA CLASIFICACIÓN DECIMAL UNIVERSAL
Número de la Clasificación Decimal Universal 908(460.41)(02)"17"
100 1# - ENTRADA PRINCIPAL--NOMBRE DE PERSONA
Nombre de persona Castillo Ruiz de Vergara, Pedro Agustín del,
Fechas asociadas al nombre 1669-1741
Término indicativo de función/relación Autor
9 (RLIN) 36768
245 10 - MENCIÓN DEL TÍTULO
Título Descripción histórica y geográfica de las islas de Canaria :
Resto del título que dedica y consagra al Príncipe Nuestro Sr. D. Fernando de Borbón /
Mención de responsabilidad, etc. Pedro Agustín del Castillo, Ruiz de Vergara
260 ## - PUBLICACIÓN, DISTRIBUCIÓN, ETC.
Lugar de publicación, distribución, etc. Santa Cruz de Tenerife :
Nombre del editor, distribuidor, etc. [s.n.],
Fecha de publicación, distribución, etc. 1848
Fabricante (Imp. Isleña)
300 ## - DESCRIPCIÓN FÍSICA
Extensión XVII, 354 páginas ;
Dimensiones 21 cm
530 ## - NOTA DISPONIBLE DE FORMULARIO FÍSICO ADICIONAL
Nota de formato físico adicional disponible Disponible en formato digital
651 #0 - PUNTO DE ACCESO ADICIONAL DE MATERIA--NOMBRE GEOGRÁFICO
Nombre geográfico Canarias-
Subdivisión general Descripción-
Subdivisión de forma Obras anteriores a 1800
9 (RLIN) 241654
651 #0 - PUNTO DE ACCESO ADICIONAL DE MATERIA--NOMBRE GEOGRÁFICO
Nombre geográfico Canarias-
Subdivisión general Descripción-
Subdivisión cronológica S.XVIII
9 (RLIN) 241651
852 4# - LOCALIZACIÓN
Ubicación ES-MaACL
Ubicación en estantería Sala Pecera Planta 3
Número de control de estantería G-12154
856 4# - LOCALIZACIÓN Y ACCESO ELECTRÓNICOS
Identificador Uniforme de Recursos <a href="http://bdh-rd.bne.es/viewer.vm?id=0000074745&page=1">http://bdh-rd.bne.es/viewer.vm?id=0000074745&page=1</a>
Texto de enlace Versión en línea
Nota pública (Biblioteca Digital Hispánica)
942 ## - ELEMENTOS DE ENTRADA SECUNDARIOS (KOHA)
Fuente del sistema de clasificación o colocación Clasificación decimal universal
Tipo de ítem Koha Libro impreso antiguo
Suprimir en OPAC No
Holdings
Estatus retirado Estado de pérdida Fuente del sistema de clasificación o colocación Estado de daño No para préstamo Colección Biblioteca de origen Biblioteca actual Ubicación en estantería Fecha de adquisición Total de préstamos Signatura topográfica completa Código de barras Visto por última vez Tipo de ítem Koha
    Clasificación decimal universal     Libros del s. XIX Biblioteca del Ateneo de Madrid Biblioteca del Ateneo de Madrid Sala Pecera Planta 3 17/01/2008   G-12154 1044898 23/02/2023 Libro impreso antiguo